00442nam a22001577a 450000500170000001000150001702000260003203500130005803700130007108200060008410000190009024500440010926000400015327000700019330000210026320150417120137.0 aENG-112326 a9789382536451c180.00 aEN-95858 bDBAD/PUB aN aHarpreet Kaur  aThe Rajput warrior / cby Harpreet Kaur aNew Delhi bLiFi Publicationsc2015 a211, 2nd Floor, Gagandeep, 12 Rajendra Place bNew Delhi e110008 a182p.c22cm(pbk)